| 000 | 00514nam a2200181Ia 4500 | ||
|---|---|---|---|
| 005 | 20250508160130.0 | ||
| 008 | 008 250505s9999 xx 000 0 eng d | ||
| 037 | _aTextual | ||
| 040 |
_aFEDL _beng _cFEDL |
||
| 041 |
_aeng _2eng |
||
| 084 |
_a824, SEW _qFEDL |
||
| 100 | _aSewall Richard B Ed. | ||
| 245 | 0 | _aEmily Dickinson: A collection of critical essays | |
| 260 |
_aEnglewood Chiffs, USA _bPrentice Hall _c1963 |
||
| 300 | _av,183p | ||
| 942 |
_cTEXL _h824, SEW |
||
| 999 |
_c1362031 _d1362031 |
||